| 000 | 00468nam a2200157 i 4500 | ||
|---|---|---|---|
| 001 | 81728 | ||
| 003 | ES-MaACL | ||
| 007 | t| | ||
| 008 | 041105s1967 sp ||||1| spa d | ||
| 245 | 0 | 4 |
_aLos humanoides / _cAimé Michel... [et al.] ; [traducción de Antonio Ribera]. |
| 260 |
_aBarcelona : _bPomaire, _c[1967] |
||
| 300 |
_a276 p. : _bil. ; _c20 cm. |
||
| 700 | 1 |
_aMichel, Aimé. _980887 |
|
| 700 | 1 |
_aRibera, Antonio. _996769 |
|
| 852 |
_aES-MaACL _jG-3922 _bR.64548 |
||
| 999 |
_c81728 _d81728 |
||